Quizzes
Events
Quiz Creation
Community
Videos
Private Events
Remove Ads
Sign In
Join for FREE
Feedback
Dark Mode
Quiz Categories
Sports
Geography
Music
Movies
Television
Just For Fun
Miscellaneous
History
Literature
Language
Science
Gaming
Entertainment
Religion
Holiday
For Kids
Quiz Lab
Recent
Popular Today
Quiz Kudos Today
Editor Picks
Curator Picks
Quizzes by...
Day
Popularity
Type
Ratings
Length
Year
Community
Subscriptions
Recent Discussions
Orange Saloon
Badges
Playlists
Quests
Create
Leaderboards
Showdown
Live 5
Trivia Bingo
Activity
Puzzle Library
Sporcle Events
Private Events
Virtual Trivia
Globe League
Become a Host
Pub Owners
SporcleCon
Opinionation
Our Games
Videos
Blog
Mobile Apps
Partnerships
Remove Ads and Go Orange
Feedback
Music
Pop Music
The Beatles
Song
Album
Lyrics
Bands
Singers
Artist
Clip
Rock
Rap
Classical
Billboard
Country Music
Kpop
Taylor Swift
Music
Pop Music
The Beatles
Song
Album
Lyrics
Bands
Singers
Artist
Clip
Rock
Rap
Classical
Billboard
Country Music
Kpop
Taylor Swift
Random Quiz
Search Sporcle
×
Curator Pick
Curator Pick
Music
Country Music
Type in answers that appear in a list
Type in answers that appear in a list
Classic
Best Score? Go Orange.
Most Played Jimmy Buffett Songs Stats
Can you name the Most Played Jimmy Buffett Songs?
By
karlhungus26
15m
99 Questions
754 Plays
754 Plays
754 Plays
Comments
Comments
Give Quiz Kudos
Give Quiz Kudos
-
- Ratings
hide this ad
More Info
Replay
Link that replays current quiz
Next Quiz
Link to next quiz in quiz playlist
You Got
0%
They Got
Avg Score
38%
Avg Friend Score
Upgrade to see
Score Distribution
Jump to the score distribution portion of the page
Score
0/99
Timer
15:00
0
Plays Today
Times Played
% Correct
789
Margaritaville
97.2%
747
Cheeseburger in Paradise
88.6%
754
Come Monday
86.3%
742
Fins
85.3%
751
Volcano
83%
754
A Pirate Looks at Forty
80.9%
594
Son of a Son of a Sailor
78.8%
743
Changes in Latitudes, Changes in Attitudes
70.4%
578
Why Don't We Get Drunk
70.3%
251
Boat Drinks
70.3%
88
He Went to Paris
69%
357
Pencil Thin Mustache
68.2%
626
Brown Eyed Girl
67.4%
303
It's Five O'Clock Somewhere
67.1%
685
One Particular Harbor
64.6%
200
Fruitcakes
60.6%
171
Last Mango in Paris
58.6%
305
Grapefruit-Juicy Fruit
57.7%
96
Havana Daydreamin
55.7%
554
Southern Cross
53.4%
57
Tin Cup Chalice
51.9%
117
The Weather Is Here Wish You Were Beautiful
51.7%
147
Coconut Telegraph
51.1%
123
Jolly Mon Sing
49.7%
125
Mexico
46.9%
80
Bama Breeze
46.4%
92
Trying To Reason With Hurricane Season
45.9%
184
Jamaica Mistaica
45.6%
197
Gypsies in the Palace
45.2%
42
Knee Deep
44.6%
169
We Are the People Our Parents Warned Us About
40.6%
54
God's Own Drunk
39.4%
133
Pascagoula Run
39%
Times Played
% Correct
131
License to Chill
39%
67
The Great Filling Station Holdup
38.1%
200
School Boy Heart
37.9%
78
Manana
36.9%
75
Frank and Lola
36.9%
155
Knees of My Heart
36.6%
71
The Wino and I Know
36.5%
73
Hey Good Lookin'
36.2%
82
Growing Older But Not Up
35.9%
72
Lovely Cruise
35.7%
81
Off To See The Lizard
35.1%
48
Who's The Blonde Stranger
35.1%
42
Migration
34.4%
204
Stars on the Water
33.8%
74
Banana Republics
33.7%
111
It's My Job
33.3%
80
Cowboy in the Jungle
32.8%
44
Coast of Carolina
32.8%
102
I Will Play For Gumbo
32.1%
54
Peanut Butter Conspiracy
32%
119
Cuban Crime of Passion
31.4%
94
Ragtop Day
31.4%
90
Everybody's Got a Cousin In Miami
31.3%
77
Tampico Trauma
30.9%
39
Landfall
30.8%
66
Uncle John's Band
30.5%
66
Holiday
30.4%
64
Desperation Samba
30.2%
88
Woman Goin' Crazy on Caroline Street
29.7%
49
In the Shelter
29.7%
43
Life is Just a Tire Swing
29.7%
49
Bob Robert's Society Band
29.4%
97
Scarlet Begonias
29.2%
Times Played
% Correct
72
Creola
29%
65
Great Heart
28.6%
95
Piece of Work
28.2%
45
Island
27.5%
122
Another Saturday Night
27.1%
41
Take Another Road
26.3%
39
Gravity Storm
25.9%
51
My Head Hurts, My Feet Stink, and I Don't Love Jesus
25.6%
56
Sea Cruise
25.5%
55
If the Phone Doesn't Ring (It's Me)
24.7%
75
Only Time Will Tell
24.5%
50
This Hotel Room
23.7%
70
Tiki Bar is Open
23.2%
50
That's What Living Is To Me
23.2%
73
Last Man Standing
22.3%
71
Far Side of the World
22.1%
41
They Don't Dance Like Carmen No More
21.9%
60
Makin' Music for Money
21.4%
145
The City
20.8%
43
Weather With You
20.7%
67
Chanson Pour Les Petits Enfants
20.2%
49
Surfing In a Hurricane
19.9%
49
Everybody's Talkin'
19.8%
61
Bank of Bad Habits
19.5%
40
Window on the World
18.6%
58
Smart Woman (In a Real Short Skirt)
18.2%
53
First Look
18.2%
41
Diamond As Big As The Ritz
17.9%
45
Saxaphones
16.7%
52
Back Where I Come From
14.6%
48
Calaloo
14.2%
74
Lage Nom Ai
8.5%
39
Labamba/Guantanamera
5.8%
Quiz Playlist
Details
Report
Send in Message
Add To Playlist
More Info:
Can you name the 99 songs played the most by Jimmy Buffett?? -As of 8/17/2012-
Classic:
Type in answers that appear in a list
Quiz Source
Last Updated: Feb 16, 2017
Curator Pick in
Singers
Quiz Scoreboard
CHALLENGE
Sign Up to Join the Scoreboard
Show All
Scores
Hide
Comments
May contain spoilers
Recently Published
Presidents Visiting Landmarks
by Hejman
History
7m
An Introduction to Baseball
by treessimontrees
Sports
5m
Movies - When Are They Set?
by FPL_Elf
Movies
5m
More to Explore
Quiz From the Vault
Featured Blog Post
Where Did the Easter Bunny Come From?
hide this ad
You Might Also Like...
Tags
Album Quiz
Country Music Quiz
Rock Quiz
Singers Quiz
Song Quiz
buffett
Jimmy Buffett
Margaritaville
Song List
Today's Top Quizzes in Music
Browse Music
hide this ad
Today's Top Quizzes in Country Music
Browse Country Music
Top Contributed Quizzes in Music
1
Taylor Swift All Songs (2024)
2
Guess the Artist- 70s Songs
3
Taylor Swift Logic Puzzle
4
KPOP LOGIC QUIZ
5
One Thing in Common: Music
6
2010s Album by Cover III
7
7-to-1: Billboard Hot 100 #1 Hits of 2010s
8
Guess the Taylor Swift song (Mystery Song)
9
Sorting Albums and Songs
10
2000s Album Cover Bunker
Explore More
Trending Topics
NBA
Harry Potter
Marvel
Kpop
Anime
Crossword
Disney
Pokémon
WWE
Soccer
Country
Puzzle
Song
The Office
NFL
hide this ad
More By:
karlhungus26
Quiz
Plays
Rating
Category
Featured
Created
Rush - Subdivisions Lyrics
1,530
4.73
Music
Aug 18, 2012
Most Played Jimmy Buffett Songs
754
5.00
Music
Aug 17, 2012
'Blue' Movies
60
4.67
Movies
Oct 2, 2016
Go to Creator's Profile
Score Distribution
Quiz Creator Spotlight
karlhungus26
Follow
Send a Message
Quizzes Created
-
Created Quiz Play Count
-
More By This Creator
Popular Quizzes Today
1
Find the US States - No Outlines Minefield
2
Find the Countries of Europe - No Outlines Minefield
3
The Countries of the World
4
Find the US States
5
Popular People in 1961
6
US States
7
Risky Map Clicking: Biggest States A-Z
8
Movies - When Are They Set?
More Music Quizzes
Joji Songs by Lyrics
Quiz Lab
Trending Quizzes
Risky Map Clicking: Least Populous States A-Z
1-10 Letter G Words
1-10 Letter F Words
Risky Map Clicking: Next State Alphabetically
Risky Map Clicking: Biggest States A-Z
Recently Updated
Leaping Animals
pecheneg
Reality TV Shows (A-Z)
bhenderson79
Rickey Henderson's Hall of Fame Teammates
pecheneg
Champions League XIs: Arsenal
pecheneg
Quick Pick: Celebrities in WWE's Hall of Fame
aduchscher
A-Z Keypad Blitz II
pecheneg
Multiple Oscar Actors
pecheneg
Mystery Phrase Blitz: Oscar 'Best Actors'
pecheneg
F. Scott Fitzgerald Novels
LTH
Pick 3 Villains
ddd62291
Trending Topics
NBA
Crossword
Marvel
Kpop
Anime
Disney
Harry Potter
Country
Song
The Office
Soccer
Puzzle
Pokémon
NFL
WWE
Your Account Isn't Verified!
In order to create a playlist on Sporcle, you need to verify the email address you used during registration. Go to your
Sporcle Settings
to finish the process.
Report this User
Report this user for behavior that violates our
Community Guidelines
.
Details:
Send Report
Go to the Sporcle.com Mobile Site →
Comments